Das sterbende Afrika (Record no. 65654)

MARC details
000 -LEADER
campo de control de longitud fija 00624nam a2200205 i 4500
001 - NÚMERO DE CONTROL
campo de control 65654
003 - IDENTIFICADOR DE NÚMERO DE CONTROL
campo de control ES-MaACL
005 - FECHA Y HORA DE LA ÚLTIMA TRANSACCIÓN
campo de control 20230906165432.0
007 - CAMPO FIJO DE DESCRIPCIÓN FÍSICA--INFORMACIÓN GENERAL
campo de control de longitud fija t|
008 - DATOS DE LONGITUD FIJA--INFORMACIÓN GENERAL
campo de control de longitud fija 040120s1928 gw ||||1| ger d
100 1# - ENTRADA PRINCIPAL--NOMBRE DE PERSONA
Nombre de persona Frobenius, Leo (
Fechas asociadas al nombre 1873-1938)
9 (RLIN) 52709
245 14 - MENCIÓN DEL TÍTULO
Título Das sterbende Afrika
Resto del título : die secle eines erdteils /
Mención de responsabilidad, etc. von Leo Frobenius.
250 ## - MENCION DE EDICION
Mención de edición 1. vollstèandige ausg.
260 ## - PUBLICACIÓN, DISTRIBUCIÓN, ETC.
Lugar de publicación, distribución, etc. Frankfurt am Main :
Nombre del editor, distribuidor, etc. Frankfurter Societats Druckerci,
Fecha de publicación, distribución, etc. [1928]
300 ## - DESCRIPCIÓN FÍSICA
Extensión 502 p. ;
Dimensiones 16 cm.
490 1# - MENCIÓN DE SERIE
Mención de serie Erlebte erdteile
830 0# - PUNTO DE ACCESO ADICIONAL DE SERIE-TÍTULO UNIFORME
Título uniforme Erlebte erdteile
9 (RLIN) 230755
852 ## - LOCALIZACIÓN
Ubicación ES-MaACL
Número de control de estantería A-3216
Holdings
Estatus retirado Estado de pérdida Estado de daño No para préstamo Biblioteca de origen Biblioteca actual Ubicación en estantería Fecha de adquisición Fuente de adquisición Total de préstamos Signatura topográfica completa Código de barras Visto por última vez Precio de reemplazo Tipo de ítem Koha
        Biblioteca del Ateneo de Madrid Biblioteca del Ateneo de Madrid Sala Pecera Planta 1 17/01/2008     A-3216 1068783 23/02/2023 23/02/2023 Libro impreso